000
00279nam a2200121Ia 4500
005
20251222144723.0
008
251222s9999||||xx |||||||||||||| ||spa||
082
_a
370.1/P62
100
_a
Piscoya Hermoza, Luis
245
0
_a
Metapedagogía:
264
_b
Episteme
942
_c
LIB
999
_c
18279
_d
18279